EPIC: The Musical - The Underworld - Statistics

General Stats
  • This quiz has been taken 297 times
  • The average score is 306 of 346
Answer Stats
% Correct
I
99%
a
98%
who
97%
are
96%
ARE
96%
hear.
96%
hear
96%
HEAR
96%
in
96%
no
96%
No
96%
NO
96%
screams,
96%
SCREAMS!
96%
screams!
96%
the
96%
The
96%
we
96%
you
96%
you.
96%
Odysseus/Crew | Odysseus/Crew/All All
95%
Odysseus/Soldiers/All ALL
95%
long..
95%
men
95%
to
95%
TO
95%
were
95%
we're
95%
is
94%
My
94%
my
94%
MY
94%
what
94%
WHAT
94%
be
93%
be...
93%
can
93%
close
93%
CLOSE
93%
dream,
93%
DREAM!
93%
dream!
93%
it
93%
IT
93%
longer
93%
LONGER
93%
matter
93%
Odysseus Mom?
93%
mom..
93%
mom...
93%
see,
93%
see?
93%
this
93%
This
93%
time
93%
TIME
93%
Anticlea (ghost) Waiting..
93%
Anticlea (ghost) | Both Waiting,
93%
waiting..
93%
Anticlea (ghost) Waiting...
93%
waiting,
93%
Fallen soldiers When
93%
when
93%
ahead.
92%
ahead,
92%
arms.
92%
arms,
92%
arms!
92%
eyes.
92%
eyes!
92%
EYES!
92%
Crew Full
92%
greet
92%
Greet
92%
open
92%
speed
92%
with
92%
your
92%
Your
92%
can't
91%
Odysseus Can't
91%
every
91%
EVERY
91%
here
91%
here,
91%
I'll
91%
Odysseus Polites..
91%
too
91%
under
91%
world,
91%
world
91%
dare
90%
DARE
90%
died.
90%
died
90%
died!
90%
DIED!
90%
night...
90%
Underworld,
90%
Underworld.
90%
Odysseus I'm
89%
Odysseus
89%
always
88%
Circe's
88%
clear,
88%
home
88%
of
88%
OF
88%
that
88%
Odysseus That
88%
those
88%
THOSE
88%
took
88%
instructions
87%
amazing
86%
come
86%
find
86%
find.
86%
prophet.
86%
from
85%
love
85%
command..
84%
life
84%
nightmares
84%
NIGHTMARES
84%
only
84%
ONLY
84%
past
84%
right
84%
so
84%
Odysseus Until
84%
until
84%
behind.
83%
CAPTAIN!
83%
heart.
83%
if
83%
man
83%
voice..
83%
Odysseus Bye,
82%
monster?
82%
infant
81%
Why
81%
become
80%
does
80%
mercy?
80%
ruthlessness
80%
Even
79%
live
79%
mind,
79%
mind.
79%
Nothing's
79%
nothing's
79%
(Nothing's
79%
NOTHING'S
79%
seems,
79%
seems.
79%
seems
79%
seems!
79%
seems!)
79%
SEEMS!
79%
cyclops
78%
keep
78%
last
78%
let
78%
thing
78%
thinking
77%
confuses
76%
you're
76%
Down
75%
far..
75%
Odysseus Friends,
75%
who've
75%
WHO'VE
75%
Odysseus Good.
74%
stay
74%
would
71%
place,
70%
how
68%
558
67%
face,
67%
up
67%
Odysseus While
67%
comrades,
66%
fine
66%
start.
66%
we'll
66%
And
65%
leading
64%
light
64%
Polites (ghost) Whatever
62%
But
61%
land
61%
here's
60%
ventured
58%
No matching quizzes found
Score Distribution
Percent of People with Each Score
Percentile by Number Answered
Your Score History
You have not taken this quiz